Bublinky

Bibliographic Details
Main Author: Žáček, Jiří, 1945- (Author)
Other Authors: Hlušíková, Marta, 1952- (Translator), Součková, Jitka (Illustrator)
Format: Article
Language:Slovak
Subjects:

MARC

LEADER 00000nab a2200000 a 4500
001 vtls000514182
003 SK-MaSNL
005 20260303153431.0
008 160201c1994 xo 0 slo
015 |a SNBRB19rr/mm-uuuuu 
035 |a CL0514320 
040 |a SNKBUCL  |b slo  |c SNKBUCL  |e AACR2 
041 0 |a slo 
044 |a xo  |c SK 
080 |a 885.0-1(087.5)  |2 1981 
100 1 |a Žáček, Jiří,  |d 1945-  |4 aut  |9 222229 
245 1 0 |a Bublinky  |c Jiří Žáček ; Prekl. Marta Hlušíková ; Ilustr. Jitka Součková 
650 0 7 |a rečňovanky  |2 snkbucl  |9 278360 
655 7 |a články z novín a časopisov  |2 snkbucl  |9 267496 
655 7 |a články z odboru literárna veda a krásna literatúra  |2 snkbucl  |9 770045 
700 1 |a Hlušíková, Marta,  |d 1952-  |4 trl  |9 88319 
700 1 |a Součková, Jitka  |4 ill  |9 10911 
773 0 |t Včielka  |g Roč. 36, č. 8 (1993/1994), s. 15 
850 |a Slovenská národná knižnica v Martine  |a MTA001 
852 |a SNK  |b KIS3GCP 
958 |a RK 
958 |a CZ 
958 |a LX 
992 |a RBX 
999 |c 2028443  |d 2030373